zpět

Detail výsledku týmu

Pivní restaurace, Kadaň

Datum a čas kvízu

27 Celkem bodů Celkový počet nahraných bodů na tomto kvízu bez doplňovacích otázek.
2. Pořadí na kvízu Konečné umístění týmu na tomto kvízu.

Zaznamenané odpovědi

# Otázka Odpověď Body Výsledky
1. Minulý týden roztálo sněhové p... Mapa republiky 0
2. V pondělí oslavil své 85. naro... dalajláma 0
3. Minulý týden vstoupil do kin d... Meky 1
4. V pátek v San Francisku proběh... Jevgenij Nikulin 0
5. Čtyřnásobný šampión Tour de Fr... Chris Froome 0
6. Různé návykové látky jsou užív... pelyněk (pravý) 1
7. Tabákové listy obsahují návyko... viržinský 1
8. Konopí se odpradávna používá j... kanabinoidy 1
9. Opium se získává z nezralých m... latex 0
10. Kokain byl poprvé izolován v r... Medellín 1